Phoebe St Leger-Davey and James Harrison v First Secretary of State and Winchester City Council and Orange PCS Ltd (Record no. 74665)

MARC details
000 -LEADER
fixed length control field 01974cab a2200253 4500
001 - CONTROL NUMBER
control field ABS68565
008 - FIXED-LENGTH DATA ELEMENTS--GENERAL INFORMATION
fixed length control field 041213n2004 000 0 eng u
035 ## - SYSTEM CONTROL NUMBER
System control number (Sirsi) u128285
245 ## - TITLE STATEMENT
Title Phoebe St Leger-Davey and James Harrison v First Secretary of State and Winchester City Council and Orange PCS Ltd
260 ## - PUBLICATION, DISTRIBUTION, ETC.
Date of publication, distribution, etc. 2004
490 ## - SERIES STATEMENT
Series statement Property, Planning and Compensation Reports
Volume/sequential designation [2005] 2 P & CR 6, 86-96 (11)
520 ## - SUMMARY, ETC.
Summary, etc. [2004] EWCA Civ 1612, 1 December 2004. Appeal by LD and another against a HC decision ([2004] EWCA Civ 1612) refusing an application to quash a decision of an inspector appointed by the First SoS on 19 August 2003 following a public inquiry. The inspector had allowed an appeal by O against the refusal of Winchester City Council to grant prior approval for the siting and design of an 11.79m high telecommunications mast and an equipment cabin. The consideration for the basis of the appeal is whether the inspector took account of and correctly considered the effect of the code power granted by the statutory telecommunications code contained in the Telecommunications Act 1984 Sched 2. The availability of suitable alternative sites was also a key issue. Upheld the HC decision that the inspector after considering the relevant development policy, PPG8, the compulsory purchase powers available to telecommunication operators under the telecommunications code and possible alternative sites had reached the correct conclusion. Appeal dismissed. View judgment at www.bailii.org.
590 ## - LOCAL NOTE (RLIN)
Local note ABS
650 ## - SUBJECT ADDED ENTRY--TOPICAL TERM
Topical term or geographic name entry element ST LEGER-DAVEY AND ANOTHER V FIRST SOS AND OTHERS
650 ## - SUBJECT ADDED ENTRY--TOPICAL TERM
Topical term or geographic name entry element TELECOMMUNICATIONS CODE
650 ## - SUBJECT ADDED ENTRY--TOPICAL TERM
Topical term or geographic name entry element TELECOMMUNICATIONS ACT 1984 SCHED 2
650 ## - SUBJECT ADDED ENTRY--TOPICAL TERM
Topical term or geographic name entry element MASTS
650 ## - SUBJECT ADDED ENTRY--TOPICAL TERM
Topical term or geographic name entry element ALTERNATIVE SITES
650 ## - SUBJECT ADDED ENTRY--TOPICAL TERM
Topical term or geographic name entry element PPG8
650 ## - SUBJECT ADDED ENTRY--TOPICAL TERM
Topical term or geographic name entry element LOCAL DEVELOPMENT PLANS
690 ## - LOCAL SUBJECT ADDED ENTRY--TOPICAL TERM (OCLC, RLIN)
Topical term or geographic name as entry element Planning and development
9 (RLIN) 6259
856 ## - ELECTRONIC LOCATION AND ACCESS
Uniform Resource Identifier <a href="https://www.bailii.org/ew/cases/EWCA/Civ/2004/1612.html">https://www.bailii.org/ew/cases/EWCA/Civ/2004/1612.html</a>
Public note View judgment on the BAILII websiteƯ
942 ## - ADDED ENTRY ELEMENTS (KOHA)
Suppress in OPAC 0
Holdings
Withdrawn status Lost status Source of classification or shelving scheme Damaged status Not for loan Home library Current library Shelving location Date acquired Total Checkouts Full call number Barcode Date last seen Copy number Price effective from Koha item type
    Dewey Decimal Classification     London London Journal article 13/12/2004   ABS68565 128285-1001 06/08/2019 1 06/08/2019 Law report
    Dewey Decimal Classification     Virtual Virtual Online 13/12/2004   ONLINE PUBLICATION 128285-2001 06/08/2019 1 06/08/2019 Law report